00492nam a2200193 a 4500001001300000003000900013005001700022008004100039020001000080082001700090100001700107245004600124260003900170300000900209500003500218505001000253650001800263700001700281nice12345678IN_TiNIC20260116011446.0050524s1862 lona grp 000 0 eng  ac10000a891.593bRAV aRaverty, H G aSelections from the Poetry of the Afghans aLondonbWilliams and Norgatec1862 a348p aincludes index and biblioraphy2 aindex aPashto Poetry1 aRaverty, H G